| 000 -ლიდერი |
| ფიქსირებული სიგრძის საკონტროლო ველი |
01594nam a2200325Ia 4500 |
| 001 - საკონტროლო ნომერი |
| საკონტროლო ველი |
20611 |
| 003 - საკონტროლო ნომრის იდენტიფიკატორი |
| საკონტროლო ველი |
GE_BSU |
| 005 - ბოლო ოპერაციის თარიღი და დრო |
| საკონტროლო ველი |
20210225224648.0 |
| 008 - ფიქსირებული სიგრძის მონაცემთა ელემენტები - ზოგადი ინფორმაცია |
| ფიქსირებული სიგრძის საკონტროლო ველი |
181216s2012||||ge |||||||||||||| ||geo|| |
| 010 ## - კონგრესის ბიბლიოთეკის საკონტროლო ნომერი |
| LC საკონტროლო ნომერი |
ISBN 978-9941-11-299-7 |
| 040 ## - კატალოგიზაციის წყარო |
| Transcribing agency |
GE_BSU |
| 041 ## - ენის კოდი |
| Language code of text/sound track or separate title |
geo |
| 080 ## - უნივერსალური ათობითი კლასიფიკაციის ინდექსი |
| Universal Decimal Classification number |
27-175.2 ე-49 |
| 100 ## - მთავარი ჩანაწერი - პიროვნების სახელი |
| Personal name |
ეკო, უმბერტო |
| 9 (RLIN) |
10255 |
| 245 ## - ცნობა სათაურის შესახებ |
| Title |
რა სწამს მას, ვისაც არ სწამს: |
| Remainder of title |
[დიალოგი] / |
| Statement of responsibility, etc |
უმბერტო ეკო, კარლო მარია მარტინი ; მთარგმნ. ხათუნა ცხადაძე ; რედ. ლალი ქადაგიძე. |
| 264 ## - წარმოების, გამოცემის, დისტრიბუციის და სხვა ცნობები |
| გამოცემის, წარმოების, დისტრიბუციის... ადგილი |
თბილისი : |
| გამოცემის, წარმოების, დისტრიბუციის... სახელწოდება |
დიოგენე, |
| გამოცემის, წარმოების, დისტრიბუციის... თარიღი |
2012. |
| 300 ## - ფიზიკური აღწერა |
| Extent |
144 გვ. ; |
| Dimensions |
19 სმ. |
| Accompanying material |
|
| 653 ## - INDEX TERM--UNCONTROLLED |
| Uncontrolled term |
აპოკალიფსი |
| 653 ## - INDEX TERM--UNCONTROLLED |
| Uncontrolled term |
ადამიანის სიცოცხლე |
| 653 ## - INDEX TERM--UNCONTROLLED |
| Uncontrolled term |
საიდუმლოებები |
| 653 ## - INDEX TERM--UNCONTROLLED |
| Uncontrolled term |
ქრისტიანული ეთიკა |
| 653 ## - INDEX TERM--UNCONTROLLED |
| Uncontrolled term |
ურწმუნოება |
| 653 ## - INDEX TERM--UNCONTROLLED |
| Uncontrolled term |
ქრისტიანული ჰუმანიზმი |
| 653 ## - INDEX TERM--UNCONTROLLED |
| Uncontrolled term |
რა სწამს მას, ვისაც არ სწამს |
| 653 ## - INDEX TERM--UNCONTROLLED |
| Uncontrolled term |
რელიგია |
| 700 ## - ADDED ENTRY--PERSONAL NAME |
| Personal name |
მარტინი, კარლო მარია |
| Relator term |
ავტორი |
| 9 (RLIN) |
10256 |
| 700 ## - ADDED ENTRY--PERSONAL NAME |
| Personal name |
ცხადაძე, ხათუნა |
| Relator term |
მთარგმნელი |
| 9 (RLIN) |
10257 |
| 700 ## - ADDED ENTRY--PERSONAL NAME |
| Personal name |
ქადაგიძე, ლალი |
| Relator term |
რედაქტორი |
| 9 (RLIN) |
10069 |
| 942 ## - ADDED ENTRY ELEMENTS (KOHA) |
| Koha item type |
წიგნი |
| Source of classification or shelving scheme |
|